000 00609nam a22001817a 4500
010 _aENG-143725
020 _a9788197759055
_c1495.00
035 _aEN-127257
037 _bDBAD
082 _a345.540
100 _aNarvankar , Yuvraj P.
_977319
245 _aElectronic Evidence in the Courtroom: A Lawyer's Manual /
_cby Yuvraj P Narvankar
250 _a2nd
260 _aHaryana
_bLexis Nexis
_c2025
270 _a4th Floor, Building No.10, Tower-B, DLF Cyber City, Phase-II Gurgaon,
_bHaryana
_e 122002
300 _axliv, 674p.:
_billus.
_c24cm(Hb)
942 _2ddc
_cEN
_h345.540
_mNAR
999 _c208918
_d208918